=LDR 00000nam 2200000 4500 =001 001207 =005 20250710031352 =035 ##$$a 0010-0725000249 =007 ta =008 250710################a##########0#ind## =020 ##$$a 978-623-118-883-0 =082 ##$$a 398.209 598 =084 ##$$a 398.209 598 ENI u =100 #$$a Eni wulansari =245 1#$$a Uang apa ini? /$c Eni wulansari =250 ##$$a Cetakan kedua =260 ##$$a Rawamangun :$b Kemeterian pendidikan, kebudayaan, riset, dan teknologi,$c 2023 =300 ##$$a 24 hlm. : $b Ilus. ; $c 29,7cm =650 #4$$a Cerita anak-indonesia =990 ##$$a TBM01100110